000 01100cam a2200301 a 4500
999 _c4253
_d4253
001 005517302
003 OSt
005 20250204085315.0
008 190801r2014 enkad g 000 0 eng d
020 _a9781107614994
_q(Workbook;
_qpbk.)
040 _aAZDAC
_beng
_ctw-NKUHT
_dtw-NKUHT
_dKH8
_eaacr
042 _anbic
082 0 _a540 HAR
100 1 _aHarwood, Richard,
_eauthor.
245 1 0 _aCambridge IGCSE chemistry /
_cRichard Harwood, Ian Lodge.
246 3 _aCambridge International General Certificate of Secondary Education chemistry.
250 _a4th ed.
260 _aCambridge :
_bCambridge University Press,
_cc2014.
300 _a172 p. :
_bill., tab. ;
_c28 cm.
505 8 _av.1,Coursebook -- v.2,Workbook -- v.3,Teacher's resource.
590 _aCoursebook & Workbook.
650 0 _aChemistry
_vProblems, exercises, etc.
650 0 _aChemistry
_vExaminations, questions, etc.
650 0 _aChemistry
_xExaminations
_vStudy guides.
650 0 _aInternational General Certificate of Secondary Education
_vStudy guides.
700 1 _aLodge, Ian,
_eauthor.
942 _2ddc
_cNFIC